00273nam a2200109Ia 4500008004100000082001300041100001800054245002100072260004400093300000800137650001800145191201s2010 xx 000 0 und d a082bSAP aSAHNEY, A.J.S 0aPearls of Wisdom aDelhibGanga International Schoolc2010 a384 aGeneral Books